00222nam a2200097Ia 4500008004100000100002300041245002900064260000900093942000700102999001500109190216s9999||||xx |||||||||||||| ||und|| aShankara Menon K P 0aAykaya Rashtra Sangadana bNull cBK c9085d9085